000 00210 a2200097 4500
001 36312
100 _aSpector, L.S
245 _aNuclear ambitions
260 _aKarachi
_bFarda Pb Co
_c
090 _c23543
_d23543
942 _aNUST-CAE
_cM
_c15051
999 _c271385
_d271385